[Event "2024 National Middle School Championship"]
[Site "Atlanta, Georgia, United States"]
[Date "2024.05.10"]
[Round "2.1"]
[White "Degeest, Rocco Jan"]
[Black "Liu, Eric Chang"]
[Result "0-1"]
[TimeControl "G/90;d10"]
[WhiteElo "1888"]
[BlackElo "2468"]

1. e4 {[%clk 01:30:00]} {[%emt 00:00:01]} e5 {[%clk 01:30:00]} {[%emt
00:00:06]} 2. Nc3 {[%clk 01:30:00]} {[%emt 00:00:03]} Nf6 {[%clk 01:30:00]}
{[%emt 00:00:08]} 3. f4 {[%clk 01:30:00]} {[%emt 00:00:03]} d5 {[%clk
01:30:00]} {[%emt 00:00:09]} 4. fxe5 {[%clk 01:30:00]} {[%emt 00:00:04]} Nxe4
{[%clk 01:30:00]} {[%emt 00:00:05]} 5. Qf3 {[%clk 01:29:59]} {[%emt 00:00:13]}
Nc6 {[%clk 01:29:54]} {[%emt 00:00:16]} 6. Bb5 {[%clk 01:29:59]} {[%emt
00:00:06]} Nxc3 {[%clk 01:29:54]} {[%emt 00:00:09]} 7. dxc3 {[%clk 01:29:59]}
{[%emt 00:00:05]} Qh4+ {[%clk 01:29:54]} {[%emt 00:00:06]} 8. g3 {[%clk
01:29:59]} {[%emt 00:00:03]} Qe4+ {[%clk 01:29:54]} {[%emt 00:00:05]} 9. Be3
{[%clk 01:29:55]} {[%emt 00:00:14]} Bf5 {[%clk 01:29:54]} {[%emt 00:00:07]} 10.
Bd3 {[%clk 01:28:41]} {[%emt 00:01:24]} Qxf3 {[%clk 01:29:54]} {[%emt
00:00:06]} 11. Nxf3 {[%clk 01:28:41]} {[%emt 00:00:05]} Be4 {[%clk 01:29:54]}
{[%emt 00:00:05]} 12. O-O {[%clk 01:28:33]} {[%emt 00:00:18]} Bxf3 {[%clk
01:29:21]} {[%emt 00:00:42]} 13. Rxf3 {[%clk 01:28:33]} {[%emt 00:00:04]} Nxe5
{[%clk 01:29:21]} {[%emt 00:00:06]} 14. Rf5 {[%clk 01:28:33]} {[%emt 00:00:05]}
f6 {[%clk 01:07:39]} {[%emt 00:21:52]} 15. Rd1 {[%clk 01:24:56]} {[%emt
00:03:47]} Nxd3 {[%clk 01:05:19]} {[%emt 00:02:30]} 16. cxd3 {[%clk 01:23:47]}
{[%emt 00:01:20]} O-O-O {[%clk 01:01:18]} {[%emt 00:04:10]} 17. g4 {[%clk
01:20:35]} {[%emt 00:03:23]} Be7 {[%clk 00:59:18]} {[%emt 00:02:09]} 18. Re1
{[%clk 01:19:45]} {[%emt 00:01:00]} Rhe8 {[%clk 00:59:18]} {[%emt 00:00:11]} 19.
Kg2 {[%clk 01:18:15]} {[%emt 00:01:39]} Bc5 {[%clk 00:49:46]} {[%emt 00:09:42]}
20. d4 {[%clk 01:17:43]} {[%emt 00:00:41]} Bf8 {[%clk 00:48:41]} {[%emt
00:01:16]} 21. h4 {[%clk 01:16:31]} {[%emt 00:01:22]} Re6 {[%clk 00:46:11]}
{[%emt 00:02:41]} 22. Kf2 {[%clk 01:12:06]} {[%emt 00:04:35]} Be7 {[%clk
00:41:36]} {[%emt 00:04:44]} 23. g5 {[%clk 01:06:32]} {[%emt 00:05:45]} g6
{[%clk 00:40:35]} {[%emt 00:01:11]} 24. Rf3 {[%clk 01:06:32]} {[%emt 00:00:05]}
f5 {[%clk 00:40:35]} {[%emt 00:00:10]} 25. h5 {[%clk 01:06:04]} {[%emt
00:00:37]} Re8 {[%clk 00:39:34]} {[%emt 00:01:11]} 26. Rh1 {[%clk 01:05:34]}
{[%emt 00:00:40]} Bd6 {[%clk 00:36:52]} {[%emt 00:02:53]} 27. hxg6 {[%clk
01:04:47]} {[%emt 00:00:55]} hxg6 {[%clk 00:36:52]} {[%emt 00:00:06]} 28. Rh6
{[%clk 01:04:10]} {[%emt 00:00:46]} Re4 {[%clk 00:30:08]} {[%emt 00:06:54]} 29.
Rxg6 {[%clk 01:02:53]} {[%emt 00:01:27]} f4 {[%clk 00:30:08]} {[%emt 00:00:05]}
30. Bc1 {[%clk 01:02:45]} {[%emt 00:00:18]} Re2+ {[%clk 00:30:08]} {[%emt
00:00:05]} 31. Kg1 {[%clk 01:02:38]} {[%emt 00:00:16]} Re1+ {[%clk 00:28:58]}
{[%emt 00:01:21]} 32. Rf1 {[%clk 01:02:36]} {[%emt 00:00:12]} f3 {[%clk
00:28:58]} {[%emt 00:00:05]} 33. Rh6 {[%clk 01:00:51]} {[%emt 00:01:55]} Bg3
{[%clk 00:28:49]} {[%emt 00:00:19]} 34. Bd2 {[%clk 00:59:16]} {[%emt 00:01:45]}
f2+ {[%clk 00:28:49]} {[%emt 00:00:07]} 35. Kg2 {[%clk 00:59:16]} {[%emt
00:00:01]} Rxf1 {[%clk 00:28:49]} {[%emt 00:00:07]} 36. Kxg3 {[%clk 00:59:02]}
{[%emt 00:00:24]} Re2 {[%clk 00:28:24]} {[%emt 00:00:35]} 37. Kf3 {[%clk
00:58:45]} {[%emt 00:00:27]} Rg1 {[%clk 00:27:41]} {[%emt 00:00:52]} 0-1

[Event "2024 National Middle School Championship"]
[Site "Atlanta, Georgia, United States"]
[Date "2024.05.10"]
[Round "2.2"]
[White "Wang, Isaac"]
[Black "Kang, Dylan Taewoong"]
[Result "1-0"]
[TimeControl "G/90;d10"]
[WhiteElo "2326"]
[BlackElo "1894"]

1. d4 {[%clk 01:29:56]} {[%emt 00:00:14]} d5 {[%clk 01:30:00]} {[%emt
00:00:08]} 2. c4 {[%clk 01:29:48]} {[%emt 00:00:19]} c6 {[%clk 01:29:53]}
{[%emt 00:00:16]} 3. Nc3 {[%clk 01:29:48]} {[%emt 00:00:10]} Nf6 {[%clk
01:29:38]} {[%emt 00:00:23]} 4. Nf3 {[%clk 01:29:48]} {[%emt 00:00:07]} g6
{[%clk 01:28:01]} {[%emt 00:01:48]} 5. cxd5 {[%clk 01:29:29]} {[%emt 00:00:30]}
cxd5 {[%clk 01:28:01]} {[%emt 00:00:09]} 6. Bf4 {[%clk 01:29:29]} {[%emt
00:00:03]} Nc6 {[%clk 01:25:48]} {[%emt 00:02:22]} 7. e3 {[%clk 01:28:29]}
{[%emt 00:01:12]} a6 {[%clk 01:25:30]} {[%emt 00:00:27]} 8. h3 {[%clk
01:27:51]} {[%emt 00:00:48]} Bg7 {[%clk 01:23:51]} {[%emt 00:01:48]} 9. Be2
{[%clk 01:27:08]} {[%emt 00:00:54]} O-O {[%clk 01:23:27]} {[%emt 00:00:33]} 10.
O-O {[%clk 01:27:08]} {[%emt 00:00:08]} Nh5 {[%clk 01:22:37]} {[%emt 00:01:01]}
11. Bh2 {[%clk 01:27:06]} {[%emt 00:00:12]} f5 {[%clk 01:21:55]} {[%emt
00:00:52]} 12. Rc1 {[%clk 01:25:12]} {[%emt 00:02:03]} Nf6 {[%clk 01:17:01]}
{[%emt 00:05:04]} 13. Ne5 {[%clk 01:24:44]} {[%emt 00:00:39]} Na7 {[%clk
01:12:36]} {[%emt 00:04:35]} 14. Qb3 {[%clk 01:20:34]} {[%emt 00:04:20]} e6
{[%clk 01:08:35]} {[%emt 00:04:10]} 15. Na4 {[%clk 01:17:25]} {[%emt 00:03:20]}
Nd7 {[%clk 01:06:45]} {[%emt 00:01:58]} 16. Nxd7 {[%clk 01:17:03]} {[%emt
00:00:34]} Bxd7 {[%clk 01:06:16]} {[%emt 00:00:39]} 17. Nb6 {[%clk 01:16:31]}
{[%emt 00:00:42]} Nc6 {[%clk 01:05:25]} {[%emt 00:01:01]} 18. Nxa8 {[%clk
01:15:59]} {[%emt 00:00:43]} Qxa8 {[%clk 01:05:25]} {[%emt 00:00:03]} 19. Qc2
{[%clk 01:08:30]} {[%emt 00:07:39]} Qe8 {[%clk 01:03:37]} {[%emt 00:01:56]} 20.
Qd2 {[%clk 01:08:00]} {[%emt 00:00:41]} Qf7 {[%clk 01:01:12]} {[%emt 00:02:35]}
21. Bd6 {[%clk 01:07:32]} {[%emt 00:00:39]} Re8 {[%clk 01:01:07]} {[%emt
00:00:15]} 22. b4 {[%clk 01:06:18]} {[%emt 00:01:25]} e5 {[%clk 00:57:23]}
{[%emt 00:03:53]} 23. dxe5 {[%clk 01:04:59]} {[%emt 00:01:29]} Bxe5 {[%clk
00:57:09]} {[%emt 00:00:24]} 24. Bxe5 {[%clk 01:04:45]} {[%emt 00:00:25]} Nxe5
{[%clk 00:56:48]} {[%emt 00:00:30]} 25. Rc7 {[%clk 01:03:26]} {[%emt 00:01:29]}
b5 {[%clk 00:56:01]} {[%emt 00:00:57]} 26. Rd1 {[%clk 01:02:44]} {[%emt
00:00:53]} Nc4 {[%clk 00:51:26]} {[%emt 00:04:44]} 27. Qxd5 {[%clk 01:01:57]}
{[%emt 00:00:58]} Qxd5 {[%clk 00:50:14]} {[%emt 00:01:22]} 28. Rxd5 {[%clk
01:01:57]} {[%emt 00:00:02]} Be6 {[%clk 00:50:12]} {[%emt 00:00:13]} 29. Bxc4
{[%clk 01:01:50]} {[%emt 00:00:16]} bxc4 {[%clk 00:49:46]} {[%emt 00:00:36]} 30.
Re5 {[%clk 01:01:50]} {[%emt 00:00:04]} Kf8 {[%clk 00:49:19]} {[%emt 00:00:37]}
31. Rxh7 {[%clk 01:00:58]} {[%emt 00:01:02]} Rc8 {[%clk 00:45:04]} {[%emt
00:04:26]} 32. Rxe6 {[%clk 01:00:45]} {[%emt 00:00:23]} 1-0

[Event "2024 National Middle School Championship"]
[Site "Atlanta, Georgia, United States"]
[Date "2024.05.10"]
[Round "2.3"]
[White "He, Justin Shandong"]
[Black "Guo, Ethan"]
[Result "0-1"]
[TimeControl "G/90;d10"]
[WhiteElo "1877"]
[BlackElo "2291"]

1. e4 {[%clk 01:27:43]} {[%emt 00:02:27]} c5 {[%clk 01:30:00]} {[%emt
00:00:03]} 2. Nf3 {[%clk 01:27:33]} {[%emt 00:00:19]} d6 {[%clk 01:30:00]}
{[%emt 00:00:04]} 3. Bb5+ {[%clk 01:24:50]} {[%emt 00:02:53]} Nd7 {[%clk
01:30:00]} {[%emt 00:00:04]} 4. c3 {[%clk 01:24:50]} {[%emt 00:00:07]} a6
{[%clk 01:30:00]} {[%emt 00:00:08]} 5. Ba4 {[%clk 01:24:50]} {[%emt 00:00:06]}
Ngf6 {[%clk 01:30:00]} {[%emt 00:00:10]} 6. Qe2 {[%clk 01:24:49]} {[%emt
00:00:10]} b5 {[%clk 01:30:00]} {[%emt 00:00:09]} 7. Bc2 {[%clk 01:24:49]}
{[%emt 00:00:03]} Bb7 {[%clk 01:29:55]} {[%emt 00:00:16]} 8. O-O {[%clk
01:24:29]} {[%emt 00:00:30]} c4 {[%clk 01:29:55]} {[%emt 00:00:10]} 9. b3
{[%clk 01:22:35]} {[%emt 00:02:04]} Rc8 {[%clk 01:28:08]} {[%emt 00:01:57]} 10.
Re1 {[%clk 01:21:48]} {[%emt 00:00:56]} e6 {[%clk 01:28:08]} {[%emt 00:00:09]}
11. bxc4 {[%clk 01:15:36]} {[%emt 00:06:22]} bxc4 {[%clk 01:28:08]} {[%emt
00:00:07]} 12. Na3 {[%clk 01:15:08]} {[%emt 00:00:38]} Qc7 {[%clk 01:27:21]}
{[%emt 00:00:57]} 13. Rb1 {[%clk 01:10:39]} {[%emt 00:04:39]} d5 {[%clk
01:24:05]} {[%emt 00:03:27]} 14. exd5 {[%clk 01:08:13]} {[%emt 00:02:36]} Bxd5
{[%clk 01:24:04]} {[%emt 00:00:12]} 15. d3 {[%clk 01:03:26]} {[%emt 00:04:56]}
cxd3 {[%clk 01:22:46]} {[%emt 00:01:28]} 16. Bxd3 {[%clk 01:03:16]} {[%emt
00:00:21]} Bxf3 {[%emt 00:03:18]} 17. Qxf3 {[%clk 01:02:28]} {[%emt 00:00:08]}
Ne5 {[%clk 01:20:19]} {[%emt 00:00:17]} 18. Qe2 {[%clk 00:58:46]} {[%emt
00:03:53]} Nxd3 {[%clk 01:20:19]} {[%emt 00:00:09]} 19. Qxd3 {[%clk 00:58:46]}
{[%emt 00:00:06]} Qc6 {[%clk 01:19:29]} {[%emt 00:01:00]} 20. Bb2 {[%clk
00:53:55]} {[%emt 00:05:01]} Be7 {[%clk 01:19:29]} {[%emt 00:00:09]} 21. Nc2
{[%clk 00:52:58]} {[%emt 00:01:07]} Qa4 {[%clk 01:15:09]} {[%emt 00:04:31]} 22.
Nb4 {[%clk 00:46:53]} {[%emt 00:06:15]} a5 {[%clk 01:15:09]} {[%emt 00:00:06]}
23. Nc2 {[%clk 00:46:01]} {[%emt 00:01:03]} O-O {[%clk 01:14:20]} {[%emt
00:00:57]} 24. Nd4 {[%clk 00:44:17]} {[%emt 00:01:54]} Qxa2 {[%clk 01:12:44]}
{[%emt 00:01:47]} 25. Qe2 {[%clk 00:43:31]} {[%emt 00:00:55]} Qd5 {[%clk
01:09:02]} {[%emt 00:03:50]} 26. Rbd1 {[%clk 00:41:47]} {[%emt 00:01:56]} Qc4
{[%clk 01:06:20]} {[%emt 00:02:52]} 27. Ra1 {[%clk 00:32:46]} {[%emt 00:09:11]}
a4 {[%clk 01:02:12]} {[%emt 00:04:19]} 28. Qxc4 {[%clk 00:24:44]} {[%emt
00:08:12]} Rxc4 {[%clk 01:02:11]} {[%emt 00:00:11]} 29. Ba3 {[%clk 00:24:40]}
{[%emt 00:00:14]} Bxa3 {[%clk 01:02:11]} {[%emt 00:00:08]} 30. Rxa3 {[%clk
00:24:40]} {[%emt 00:00:03]} Nd5 {[%clk 01:02:07]} {[%emt 00:00:14]} 31. Ne2
{[%clk 00:24:07]} {[%emt 00:00:43]} g6 {[%clk 01:00:41]} {[%emt 00:01:35]} 32.
Rea1 {[%clk 00:23:34]} {[%emt 00:00:43]} Ra8 {[%clk 01:00:29]} {[%emt
00:00:22]} 33. Kf1 {[%clk 00:23:29]} {[%emt 00:00:16]} Nc7 {[%clk 01:00:16]}
{[%emt 00:00:24]} 34. Ke1 {[%clk 00:21:05]} {[%emt 00:02:33]} Nb5 {[%clk
00:59:57]} {[%emt 00:00:29]} 35. Rb3 {[%clk 00:20:13]} {[%emt 00:01:02]} axb3
{[%clk 00:57:56]} {[%emt 00:02:11]} 36. Rxa8+ {[%clk 00:20:13]} {[%emt
00:00:05]} Kg7 {[%clk 00:57:56]} {[%emt 00:00:07]} 37. Rb8 {[%clk 00:20:12]}
{[%emt 00:00:11]} Rb4 {[%clk 00:56:36]} {[%emt 00:01:31]} 38. cxb4 {[%clk
00:18:14]} {[%emt 00:02:07]} b2 {[%clk 00:56:36]} {[%emt 00:00:10]} 39. Rxb5
{[%clk 00:18:12]} {[%emt 00:00:12]} b1=Q+ {[%clk 00:56:36]} {[%emt 00:00:10]}
40. Kd2 {[%clk 00:18:12]} {[%emt 00:00:08]} Qf1 {[%clk 00:56:06]} {[%emt
00:00:37]} 41. g3 {[%clk 00:16:47]} {[%emt 00:01:38]} Qxf2 {[%clk 00:56:01]}
{[%emt 00:00:15]} 42. h4 {[%clk 00:16:47]} {[%emt 00:00:07]} f5 {[%clk
00:55:28]} {[%emt 00:00:43]} 43. Rb7+ {[%clk 00:16:20]} {[%emt 00:00:36]} Kf6
{[%clk 00:55:28]} {[%emt 00:00:06]} 44. Rxh7 {[%clk 00:15:31]} {[%emt
00:00:59]} Qb6 {[%clk 00:55:28]} {[%emt 00:00:10]} 45. Nf4 {[%clk 00:13:06]}
{[%emt 00:02:36]} Qxb4+ {[%clk 00:55:28]} {[%emt 00:00:08]} 46. Ke2 {[%clk
00:12:28]} {[%emt 00:00:48]} Qe4+ {[%clk 00:55:28]} {[%emt 00:00:09]} 47. Kf2
{[%clk 00:12:13]} {[%emt 00:00:25]} e5 {[%clk 00:55:28]} {[%emt 00:00:07]} 48.
Nh3 {[%clk 00:11:54]} {[%emt 00:00:28]} Qc2+ {[%clk 00:55:22]} {[%emt
00:00:16]} 49. Kg1 {[%clk 00:11:17]} {[%emt 00:00:47]} Qd3 {[%clk 00:55:17]}
{[%emt 00:00:12]} 50. Kf2 {[%clk 00:11:01]} {[%emt 00:00:29]} e4 {[%clk
00:54:55]} {[%emt 00:00:32]} 51. Ng5 {[%clk 00:10:50]} {[%emt 00:00:21]} e3+
{[%clk 00:54:47]} {[%emt 00:00:18]} 52. Kg1 {[%clk 00:10:37]} {[%emt 00:00:23]}
Qd1+ {[%clk 00:54:47]} {[%emt 00:00:05]} 53. Kg2 {[%clk 00:10:37]} {[%emt
00:00:08]} Qd5+ {[%clk 00:54:47]} {[%emt 00:00:10]} 54. Kf1 {[%clk 00:10:11]}
{[%emt 00:00:36]} Qc4+ {[%clk 00:54:47]} {[%emt 00:00:07]} 55. Ke1 {[%clk
00:09:32]} {[%emt 00:00:49]} Qc1+ {[%emt 00:00:31]} 0-1

[Event "2024 National Middle School Championship"]
[Site "Atlanta, Georgia, United States"]
[Date "2024.05.10"]
[Round "2.4"]
[White "Cherukuri, Nitesh"]
[Black "Chetlapalli, Vishnu"]
[Result "1-0"]
[TimeControl "G/90;d10"]
[WhiteElo "2208"]
[BlackElo "1876"]

1. e4 {[%clk 01:29:45]} {[%emt 00:00:24]} c5 {[%clk 01:29:55]} {[%emt
00:00:16]} 2. Nf3 {[%clk 01:29:45]} {[%emt 00:00:05]} Nc6 {[%clk 01:29:55]}
{[%emt 00:00:09]} 3. Bb5 {[%clk 01:29:45]} {[%emt 00:00:05]} e6 {[%emt
00:00:13]} 4. O-O {[%clk 01:29:41]} {[%emt 00:00:11]} Nge7 {[%clk 01:29:18]}
{[%emt 00:00:46]} 5. d4 {[%clk 01:27:17]} {[%emt 00:02:35]} cxd4 {[%emt
00:00:32]} 6. Nxd4 {[%clk 01:27:17]} {[%emt 00:00:06]} Qb6 {[%clk 01:25:41]}
{[%emt 00:03:27]} 7. Nxc6 {[%clk 01:27:04]} {[%emt 00:00:23]} bxc6 {[%clk
01:22:26]} {[%emt 00:03:25]} 8. Be2 {[%clk 01:25:57]} {[%emt 00:01:18]} Ng6
{[%clk 01:17:38]} {[%emt 00:04:57]} 9. c4 {[%clk 01:24:47]} {[%emt 00:01:20]}
Be7 {[%clk 01:15:33]} {[%emt 00:02:12]} 10. Nc3 {[%clk 01:24:32]} {[%emt
00:00:27]} O-O {[%clk 01:12:57]} {[%emt 00:02:46]} 11. Rb1 {[%clk 01:24:16]}
{[%emt 00:00:26]} Bb7 {[%clk 01:05:55]} {[%emt 00:07:11]} 12. Be3 {[%clk
01:23:49]} {[%emt 00:00:38]} Qc7 {[%clk 01:05:50]} {[%emt 00:00:16]} 13. f4
{[%clk 01:19:57]} {[%emt 00:04:02]} f5 {[%clk 00:55:30]} {[%emt 00:10:29]} 14.
exf5 {[%clk 01:17:50]} {[%emt 00:02:16]} exf5 {[%clk 00:50:52]} {[%emt
00:04:48]} 15. c5 {[%clk 01:17:04]} {[%emt 00:00:57]} d6 {[%clk 00:49:00]}
{[%emt 00:02:02]} 16. cxd6 {[%clk 01:08:26]} {[%emt 00:08:48]} Bxd6 {[%clk
00:46:47]} {[%emt 00:02:22]} 17. Qb3+ {[%clk 01:00:32]} {[%emt 00:08:04]} Kh8
{[%clk 00:46:47]} {[%emt 00:00:10]} 18. g3 {[%clk 00:58:32]} {[%emt 00:02:10]}
Rfe8 {[%clk 00:40:02]} {[%emt 00:06:55]} 19. Bd4 {[%clk 00:55:12]} {[%emt
00:03:30]} c5 {[%clk 00:39:02]} {[%emt 00:01:09]} 20. Nb5 {[%clk 00:48:53]}
{[%emt 00:06:30]} Qd7 {[%clk 00:23:38]} {[%emt 00:15:33]} 21. Nxd6 {[%clk
00:47:28]} {[%emt 00:01:35]} Qxd6 {[%clk 00:23:38]} {[%emt 00:00:09]} 22. Bxg7+
{[%clk 00:46:54]} {[%emt 00:00:45]} Kxg7 {[%clk 00:23:38]} 23. Qxb7+ {[%clk
00:46:52]} {[%emt 00:00:12]} Kh8 {[%clk 00:23:38]} {[%emt 00:00:05]} 24. Bf3
{[%clk 00:46:24]} {[%emt 00:00:38]} Qd4+ {[%clk 00:23:24]} {[%emt 00:00:24]} 25.
Kh1 {[%clk 00:46:13]} {[%emt 00:00:21]} Rad8 {[%clk 00:13:31]} {[%emt
00:10:03]} 26. Qxa7 {[%clk 00:45:20]} {[%emt 00:01:03]} Re7 {[%clk 00:11:48]}
{[%emt 00:01:52]} 27. Qa6 {[%clk 00:44:50]} {[%emt 00:00:41]} Rg8 {[%clk
00:09:09]} {[%emt 00:02:49]} 28. a4 {[%clk 00:44:12]} {[%emt 00:00:49]} Re3
{[%clk 00:08:29]} {[%emt 00:00:50]} 29. a5 {[%clk 00:43:29]} {[%emt 00:00:53]}
Qg7 {[%clk 00:07:54]} {[%emt 00:00:44]} 30. Qb7 {[%clk 00:42:35]} {[%emt
00:01:05]} Re7 {[%clk 00:07:31]} {[%emt 00:00:31]} 31. Qd5 {[%clk 00:42:35]}
{[%emt 00:00:12]} Re3 {[%clk 00:04:14]} {[%emt 00:03:26]} 32. a6 {[%clk
00:41:37]} {[%emt 00:01:08]} Qa7 {[%clk 00:02:54]} {[%emt 00:01:30]} 33. Qb7
{[%clk 00:41:33]} {[%emt 00:00:15]} Rg7 {[%clk 00:02:54]} {[%emt 00:00:10]} 34.
Qxa7 {[%clk 00:41:33]} {[%emt 00:00:10]} Rxa7 {[%clk 00:02:54]} {[%emt
00:00:06]} 35. Bb7 {[%clk 00:41:33]} {[%emt 00:00:08]} Rb3 {[%clk 00:02:44]}
{[%emt 00:00:19]} 36. Rfc1 {[%clk 00:41:33]} {[%emt 00:00:08]} Rb5 {[%clk
00:02:38]} {[%emt 00:00:17]} 37. Rd1 {[%clk 00:41:01]} {[%emt 00:00:41]} Raxb7
{[%clk 00:02:28]} {[%emt 00:00:20]} 38. axb7 {[%clk 00:41:01]} {[%emt
00:00:02]} Rxb7 {[%clk 00:02:28]} {[%emt 00:00:10]} 39. Rd5 {[%clk 00:41:01]}
{[%emt 00:00:03]} c4 {[%clk 00:02:28]} {[%emt 00:00:08]} 40. Rxf5 {[%clk
00:41:01]} {[%emt 00:00:04]} c3 {[%clk 00:02:28]} {[%emt 00:00:06]} 41. Rc5
{[%clk 00:41:01]} {[%emt 00:00:03]} cxb2 {[%clk 00:02:26]} {[%emt 00:00:12]} 42.
Rc2 {[%clk 00:41:01]} {[%emt 00:00:05]} Rb8 {[%clk 00:02:25]} {[%emt 00:00:11]}
43. Rbxb2 {[%clk 00:40:57]} {[%emt 00:00:14]} Re8 {[%clk 00:02:25]} {[%emt
00:00:07]} 44. Rc7 {[%clk 00:40:57]} {[%emt 00:00:05]} Nf8 {[%clk 00:02:20]}
{[%emt 00:00:14]} 45. Rbb7 {[%clk 00:40:57]} {[%emt 00:00:05]} Re1+ {[%clk
00:01:55]} {[%emt 00:00:36]} 46. Kg2 {[%clk 00:40:57]} {[%emt 00:00:05]} Re2+
{[%clk 00:01:55]} {[%emt 00:00:02]} 47. Kh3 {[%clk 00:40:57]} {[%emt 00:00:07]}
Re8 {[%clk 00:01:55]} {[%emt 00:00:05]} 48. f5 {[%clk 00:40:57]} {[%emt
00:00:04]} Rd8 {[%clk 00:01:49]} {[%emt 00:00:16]} 49. Rf7 {[%clk 00:40:57]}
{[%emt 00:00:04]} Ra8 {[%clk 00:01:47]} {[%emt 00:00:12]} 50. Rb6 {[%clk
00:40:57]} {[%emt 00:00:05]} Rd8 {[%clk 00:01:47]} {[%emt 00:00:08]} 51. Rbf6
{[%clk 00:40:57]} {[%emt 00:00:05]} Kg8 {[%clk 00:01:46]} {[%emt 00:00:10]} 52.
Rxf8+ {[%clk 00:40:57]} {[%emt 00:00:05]} Rxf8 {[%emt 00:00:15]} 53. Rxf8+
{[%clk 00:40:57]} {[%emt 00:00:02]} Kxf8 {[%clk 00:01:44]} {[%emt 00:00:06]} 54.
Kg4 {[%clk 00:40:57]} {[%emt 00:00:04]} Kg7 {[%emt 00:00:15]} 55. Kg5 {[%clk
00:40:57]} Kf7 {[%clk 00:01:44]} {[%emt 00:00:07]} 56. h4 {[%clk 00:40:57]} Kg8
{[%clk 00:01:44]} {[%emt 00:00:08]} 57. Kh6 {[%clk 00:40:57]} Kh8 {[%clk
00:01:44]} {[%emt 00:00:09]} 58. g4 {[%clk 00:40:57]} Kg8 {[%emt 00:00:09]} 59.
f6 Kf7 {[%clk 00:01:44]} 60. g5 {[%clk 00:40:57]} {[%emt 00:00:07]} Kg8 {[%clk
00:01:44]} 61. h5 {[%clk 00:40:57]} {[%emt 00:00:10]} Kh8 {[%clk 00:01:44]} 62.
g6 {[%clk 00:40:56]} {[%emt 00:00:16]} hxg6 {[%clk 00:01:23]} 63. hxg6 {[%clk
00:40:56]} Kg8 {[%clk 00:01:23]} {[%emt 00:00:10]} 64. g7 {[%clk 00:40:56]} Kf7
{[%clk 00:01:23]} {[%emt 00:00:08]} 65. Kh7 Kxf6 {[%clk 00:01:23]} 66. g8=R
{[%clk 00:40:56]} {[%emt 00:00:05]} Ke6 {[%clk 00:01:21]} {[%emt 00:00:12]} 67.
Kg6 {[%clk 00:40:55]} {[%emt 00:00:10]} Ke5 {[%clk 00:01:21]} {[%emt 00:00:04]}
68. Re8+ {[%emt 00:00:18]} Kd4 {[%clk 00:01:21]} 69. Kf5 {[%clk 00:40:52]}
{[%emt 00:00:05]} Kd5 {[%clk 00:01:21]} {[%emt 00:00:05]} 70. Rd8+ {[%clk
00:40:52]} {[%emt 00:00:04]} Kc6 {[%clk 00:01:21]} {[%emt 00:00:03]} 71. Ke6
{[%clk 00:40:52]} {[%emt 00:00:04]} Kc5 {[%clk 00:01:21]} {[%emt 00:00:07]} 72.
Rc8+ {[%clk 00:40:52]} {[%emt 00:00:04]} Kd4 {[%clk 00:01:21]} {[%emt
00:00:08]} 73. Rc7 {[%clk 00:40:52]} {[%emt 00:00:04]} Ke4 {[%clk 00:01:21]}
{[%emt 00:00:07]} 74. Rc4+ {[%clk 00:40:52]} {[%emt 00:00:05]} Ke3 {[%clk
00:01:21]} {[%emt 00:00:04]} 75. Ke5 {[%clk 00:40:52]} {[%emt 00:00:05]} Kd3
{[%clk 00:01:19]} {[%emt 00:00:10]} 76. Rc5 {[%clk 00:40:52]} {[%emt 00:00:05]}
Ke3 {[%clk 00:01:12]} {[%emt 00:00:17]} 77. Rc3+ {[%clk 00:40:52]} {[%emt
00:00:04]} Ke2 {[%clk 00:01:12]} {[%emt 00:00:04]} 78. Ke4 {[%clk 00:40:52]}
{[%emt 00:00:04]} Kd2 {[%clk 00:01:12]} {[%emt 00:00:05]} 79. Rc4 {[%clk
00:40:52]} {[%emt 00:00:03]} Ke2 {[%clk 00:01:12]} {[%emt 00:00:04]} 80. Rc2+
{[%clk 00:40:52]} {[%emt 00:00:09]} Ke1 {[%clk 00:01:06]} {[%emt 00:00:14]} 81.
Ke3 {[%clk 00:40:52]} {[%emt 00:00:10]} Kf1 {[%clk 00:01:06]} {[%emt 00:00:05]}
82. Rb2 {[%clk 00:40:52]} {[%emt 00:00:04]} Kg1 {[%clk 00:01:06]} {[%emt
00:00:04]} 83. Kf3 {[%clk 00:40:52]} {[%emt 00:00:06]} Kh1 {[%clk 00:01:06]}
{[%emt 00:00:04]} 84. Kg3 {[%clk 00:40:52]} {[%emt 00:00:07]} Kg1 {[%clk
00:01:06]} {[%emt 00:00:05]} 85. Rb1# {[%emt 00:00:05]} 1-0